Most Crime-Ridden Cities in the World - Statistics

General Stats
  • This quiz has been taken 73 times
  • The average score is 6 of 18
Answer Stats
Crime Rate (1-100) City Country % Correct
75.2 Rio de Janeiro Brazil
82%
73.6 Cape Town South Africa
69%
80.8 Johannesburg South Africa
69%
81.3 Caracas Venezuela
65%
73.1 Detroit United States
48%
80.4 Durban South Africa
48%
81.6 Pretoria South Africa
35%
72.7 Baltimore United States
28%
75.6 Recife Brazil
28%
78.3 Port Elizabeth South Africa
26%
76.7 Salvador Brazil
22%
78 Memphis United States
18%
79.4 San Pedro Sula Honduras
18%
75.7 Fortaleza Brazil
17%
74.3 Guayaquil Ecuador
15%
81.4 Port Moresby Papua New Guinea
15%
76.3 Port of Spain Trinidad and Tobago
5%
82.7 Pietermaritzburg South Africa
2%
No matching quizzes found
Score Distribution
Percent of People with Each Score
Percentile by Number Answered
Your Score History
You have not taken this quiz